Pakt stability ako základný nástroj riešenia problémov v juhovýchodnej Európe
Ciele vytvorenia medzinárodného inštitútu Pakt stability (Stability pact activities for South-eastern Europe). Pracovné okruhy Paktu stbility. Oblasť ľudských práv a národnostných menšín. Správne riadenie. Návrat utečencov. Rovnoprávnosť pohlaví. Mediálna politika. Parlamentná spolupráca. Segedínsky...
Gespeichert in:
| 1. Verfasser: | |
|---|---|
| Format: | Buchkapitel |
| Sprache: | Slowakisch |
| Schlagworte: | |
| Tags: |
Keine Tags, Fügen Sie das erste Tag hinzu!
|
MARC
| LEADER | 00000naa a2200000 4500 | ||
|---|---|---|---|
| 001 | r042279 | ||
| 005 | 20230922120243.2 | ||
| 041 | 0 | |a slo | |
| 044 | |a SK | ||
| 245 | 1 | 0 | |a Pakt stability ako základný nástroj riešenia problémov v juhovýchodnej Európe |c Roman Goga |
| 520 | |a Ciele vytvorenia medzinárodného inštitútu Pakt stability (Stability pact activities for South-eastern Europe). Pracovné okruhy Paktu stbility. Oblasť ľudských práv a národnostných menšín. Správne riadenie. Návrat utečencov. Rovnoprávnosť pohlaví. Mediálna politika. Parlamentná spolupráca. Segedínsky proces. | ||
| 610 | 2 | 0 | |a politika medzinárodná |
| 610 | 2 | 0 | |a politika bezpečnostná |
| 610 | 2 | 0 | |a práva ľudské |
| 610 | 2 | 0 | |a Balkán |
| 610 | 2 | 0 | |a organizácie medzinárodné |
| 610 | 2 | 0 | |a spolupráca medzinárodná |
| 610 | 2 | 0 | |a menšiny národnostné |
| 100 | 1 | |a Goga, Roman | |